000 01828nam a2200361Ia 4500
001 ebr10267564
003 CaPaEBR
006 m u
007 cr cn|||||||||
008 080929s2008 dcua sb 000 0 eng d
020 _z0309111501 (pbk.)
020 _z9780309111508 (pbk.)
040 _aCaPaEBR
_cCaPaEBR
035 _a(OCoLC)567928250
050 1 4 _aRA577.5
_b.F735 2008eb
245 0 2 _aA framework for assessing the health hazard posed by bioaerosols
_h[electronic resource] /
_cCommittee on Determining a Standard Unit of Measure for Biological Aerosols, Board on Chemical Sciences and Technology, Board on Life Sciences, Division on Earth and Life Studies, National Research Council of the National Academies.
260 _aWashington, D.C. :
_bNational Academies Press,
_cc2008.
300 _axiii, 86 p. :
_bill.
504 _aIncludes bibliographical references (p. 65-67).
533 _aElectronic reproduction.
_bPalo Alto, Calif. :
_cebrary,
_d2009.
_nAvailable via World Wide Web.
_nAccess may be limited to ebrary affiliated libraries.
650 0 _aAerosols
_xEnvironmental aspects.
650 0 _aAerosols
_xHealth aspects.
650 0 _aAir
_xMicrobiology.
650 0 _aAir
_xPollution.
650 0 _aBiological weapons
_xDetection
_xMeasurement.
655 7 _aElectronic books.
_2local
710 2 _aNational Academies Press (U.S.)
710 2 _aNational Research Council (U.S.).
_bBoard on Chemical Sciences and Technology.
710 2 _aNational Research Council (U.S.).
_bBoard on Life Sciences.
710 2 _aNational Research Council (U.S.).
_bCommittee on Determining a Standard Unit of Measure for Biological Aerosols.
710 2 _aebrary, Inc.
856 4 0 _uhttp://site.ebrary.com/lib/rucke/Doc?id=10267564
_zAn electronic book accessible through the World Wide Web; click to view
999 _c8808
_d8808